|
|
|
|
| LEADER |
00000nam0a2200000 4500 |
| 001 |
167798 |
| 005 |
20231101222720.0 |
| 035 |
|
|
|a (RuTPU)RU\TPU\book\182046
|
| 035 |
|
|
|a RU\TPU\book\182046
|
| 035 |
|
|
|a RU\TPU\book\343475
|
| 090 |
|
|
|a 167798
|
| 100 |
|
|
|a 20160419d1959 m y0gery50 ba
|
| 101 |
0 |
|
|a ger
|
| 102 |
|
|
|a DE
|
| 105 |
|
|
|a a gj 001zy
|
| 200 |
1 |
|
|a Grundlagen der Elektrotechnik
|f J. Reth
|
| 210 |
|
|
|a Berlin
|c Volk und Wissen Volkseigener verlag
|d 1959
|
| 215 |
|
|
|a 330 s.
|c mit 354 bildern
|
| 225 |
1 |
|
|a Lehr- und fachbucher fur die berufsausbildung
|
| 320 |
|
|
|a Sachwortverzeichnis: s. 327-330.
|
| 330 |
|
|
|a Das vorliegende Fachbuch ist geeignet für Studierende der Faohschulen, deren Lehrplan Elektrotechnik als Nebenfach enthält, zum Gebrauch bei Vorlesungen an Volkshochschulen und Abendschulen, für die Lehr linge der Elektrikerklassen der Berufsschulen, Betriebsberufsschulen und Betriebsfachkurse, ferner für Elektriker, die sich durch Selbststudium in die theoretischen Grundlagen der Elektrotechnik einarbeiten und höher qualifizieren wollen, sowie für Lehrer der Berufs- und allgemeinbildenden Schuleh zur Vermittlung polytechnischer Kenntnisse. Der Verfasser war bemüht, den Stoff wissenschaftlich exakt und leicht faßlich darzustellen. Bei der Ableitung der Formeln wurden nur .die mathematischen Kenntnisse vorausgesetzt, die die Grundschule ver mittelt. Durch zahlreiche Skizzen und Bilder wird das Verständnis des dargebotenen Stoffes erleichtert. Die praktische Anwendung der Formeln wird an ausgeführten Lösungsbeispielen gezeigt und der Lernende damit befähigt, die gestellten Aufgaben selbständig zu lösen. Den Mitgliedern unseres Redaktionsbeirates, den Herren Prof. Dipl.-Ing. Hans Schröder, Engelbert Grytz und Herbert Zippel, danken wir für die wertvollen Anregungen. Autor und Verlag bitten die Benutzer des vorliegenden Buches um kritische Stellungnahme und um Anregungen zu seiner Verbesserung.
|
| 606 |
1 |
|
|a Электротехника общая
|2 stltpush
|3 (RuTPU)RU\TPU\subj\20906
|9 45967
|
| 610 |
1 |
|
|a электротехника
|
| 610 |
1 |
|
|a электротехника теоретическая
|
| 610 |
1 |
|
|a электротехническая аппаратура
|
| 610 |
1 |
|
|a электротехническая продукция
|
| 610 |
1 |
|
|a электротехнические материалы
|
| 610 |
1 |
|
|a электротехнические конструкции
|
| 610 |
1 |
|
|a электрические машины
|
| 610 |
1 |
|
|a электротехнические измерения
|
| 610 |
1 |
|
|a электротехнические величины
|
| 610 |
1 |
|
|a электрический ток
|
| 610 |
1 |
|
|a постоянный ток
|
| 610 |
1 |
|
|a основные понятия
|
| 610 |
1 |
|
|a механизмы
|
| 610 |
1 |
|
|a воздействие
|
| 610 |
1 |
|
|a справочники
|
| 610 |
1 |
|
|a учебники
|
| 610 |
1 |
|
|a примеры
|
| 675 |
|
|
|a 621.3
|v 3
|
| 700 |
|
1 |
|a Reth
|b J.
|
| 801 |
|
1 |
|a RU
|b 63413507
|c 20091020
|
| 801 |
|
2 |
|a RU
|b 63413507
|c 20160428
|g RCR
|
| 942 |
|
|
|c BK
|